000 00763nam a22002297a 4500
005 20251108170844.0
008 250721s1998 xx 000 0 ara d
082 1 4 _a344.01/حدي
100 1 _aأبو حديد، مصطفى كميل
245 1 0 _aاللوائح و القرارات المنفذة لمواد القانون رقم 47 لسنة 1978في شأن نظام العاملين المدنيين /
264 1 _aالقاهره :
_c1998.
300 _aج
650 1 7 _aالقانون
650 1 7 _aالعاملون
650 1 7 _aالعمل و العمال
650 1 7 _aإجراءات التظلم
650 1 7 _aالتعيين
650 1 7 _aالترفيه
650 1 7 _aالقرارات الإدارية
942 _2ddc
_cBK
999 _c50593
_d50593